<?xml version="1.0" encoding="UTF-8"?><?xml-stylesheet type="text/xsl" href="static/style.xsl"?><OAI-PMH xmlns="http://www.openarchives.org/OAI/2.0/" xmlns:xsi="http://www.w3.org/2001/XMLSchema-instance" xsi:schemaLocation="http://www.openarchives.org/OAI/2.0/ http://www.openarchives.org/OAI/2.0/OAI-PMH.xsd"><responseDate>2026-04-17T23:16:38Z</responseDate><request verb="GetRecord" identifier="oai:riubu.ubu.es:10259/9225" metadataPrefix="marc">https://riubu.ubu.es/oai/request</request><GetRecord><record><header><identifier>oai:riubu.ubu.es:10259/9225</identifier><datestamp>2024-06-07T22:01:20Z</datestamp><setSpec>com_10259_2699</setSpec><setSpec>col_10259_2703</setSpec></header><metadata><record xmlns="http://www.loc.gov/MARC21/slim" xmlns:doc="http://www.lyncode.com/xoai" xmlns:xsi="http://www.w3.org/2001/XMLSchema-instance" xmlns:dcterms="http://purl.org/dc/terms/" xsi:schemaLocation="http://www.loc.gov/MARC21/slim http://www.loc.gov/standards/marcxml/schema/MARC21slim.xsd">
<leader>00925njm 22002777a 4500</leader>
<datafield tag="042" ind1=" " ind2=" ">
<subfield code="a">dc</subfield>
</datafield>
<datafield tag="720" ind1=" " ind2=" ">
<subfield code="a">Asslami, Khalid</subfield>
<subfield code="e">author</subfield>
</datafield>
<datafield tag="260" ind1=" " ind2=" ">
<subfield code="c">2023</subfield>
</datafield>
<datafield tag="520" ind1=" " ind2=" ">
<subfield code="a">La investigación aborda la integración cultural entre Emiratos Árabes Unidos y Paraguay desde una perspectiva mixta, con el propósito de diseñar una propuesta fundamentada en la educación, la tecnología y el liderazgo para mejorar las relaciones internacionales. El estudio prospectivo inicial mediante encuestas reveló la necesidad de impulsar la transformación digital organizacional, fomentar la innovación y desarrollar programas educativos interculturales. Se planteó un modelo sustentado en cuatro ejes: digitalización organizacional, liderazgo, innovación y educación; articulado en dimensiones política, económica, social, cultural y organizacional. Esta busca impactar positivamente las relaciones internacionales a través de la integración cultural, aprovechando las Tecnologías de la Información y la Comunicación (TIC) y promoviendo liderazgos innovadores. Se destaca la relevancia de la integración cultural en las relaciones internacionales contemporáneas, permitiendo el intercambio de conocimientos y tradiciones para robustecer la cooperación internacional entre los países. Se concluye que la educación, la tecnología y el liderazgo son factores claves para la integración cultural entre naciones para fortalecer proyectos bilaterales.</subfield>
</datafield>
<datafield tag="520" ind1=" " ind2=" ">
<subfield code="a">The research addresses cultural integration between the United Arab Emirates and Paraguay from a mixed perspective, with the purpose of designing a proposal based on education, technology and leadership to improve international relations. The initial prospective study through surveys revealed the need to promote organizational digital transformation, foster innovation and develop intercultural educational programs. A model was proposed based on four axes: organizational digitalization, leadership, innovation and education; articulated in political, economic, social, cultural and organizational dimensions. It seeks to positively impact international relations through cultural integration, taking advantage of Technology of the Information and Communication (TIC) and promoting innovative leadership. The relevance of cultural integration in contemporary international relations is highlighted, allowing the exchange of knowledge and traditions to strengthen cooperation. It is concluded that education, technology and leadership are key factors for cultural integration between nations to strengthen bilateral projects.</subfield>
</datafield>
<datafield tag="024" ind2=" " ind1="8">
<subfield code="a">http://hdl.handle.net/10259/9225</subfield>
</datafield>
<datafield tag="024" ind2=" " ind1="8">
<subfield code="a">10.36443/10259/9225</subfield>
</datafield>
<datafield ind1=" " ind2=" " tag="653">
<subfield code="a">Integración cultural</subfield>
</datafield>
<datafield ind1=" " ind2=" " tag="653">
<subfield code="a">Liderazgo innovador</subfield>
</datafield>
<datafield ind1=" " ind2=" " tag="653">
<subfield code="a">TIC</subfield>
</datafield>
<datafield ind1=" " ind2=" " tag="653">
<subfield code="a">Educación</subfield>
</datafield>
<datafield ind1=" " ind2=" " tag="653">
<subfield code="a">Digitalización organizacional</subfield>
</datafield>
<datafield ind1=" " ind2=" " tag="653">
<subfield code="a">Emiratos Árabes Unidos</subfield>
</datafield>
<datafield ind1=" " ind2=" " tag="653">
<subfield code="a">Paraguay</subfield>
</datafield>
<datafield ind1=" " ind2=" " tag="653">
<subfield code="a">Cultural integration</subfield>
</datafield>
<datafield ind1=" " ind2=" " tag="653">
<subfield code="a">Innovative leadership</subfield>
</datafield>
<datafield ind1=" " ind2=" " tag="653">
<subfield code="a">Education</subfield>
</datafield>
<datafield ind1=" " ind2=" " tag="653">
<subfield code="a">Organizational digitalization</subfield>
</datafield>
<datafield ind1=" " ind2=" " tag="653">
<subfield code="a">United Arab Emirates</subfield>
</datafield>
<datafield tag="245" ind1="0" ind2="0">
<subfield code="a">El impacto de la educación, la tecnología y el liderazgo en la integración cultural entre Emiratos Árabes Unidos y Paraguay. Diseño de una propuesta para reforzar las relaciones internacionales</subfield>
</datafield>
</record></metadata></record></GetRecord></OAI-PMH>